| 000 | 01511nec a2200409 a 4500 | ||
|---|---|---|---|
| 003 | CHAP | ||
| 005 | 20220603093327.0 | ||
| 007 | az cauza | ||
| 008 | 070815c mx b 0 spa | ||
| 010 | _a93890 | ||
| 011 | _a94862 | ||
| 034 | 1 |
_aEscala 1:50,000 _dO 105<U+00BA> 40' _eE105<U+00BA> 20' _fN 20<U+00BA> 00' _gS 19<U+00BA>45' |
|
| 035 | _a105461 | ||
| 040 | _cCHAP | ||
| 090 | _aE13A18 | ||
| 110 | 0 |
_aComisión de Estudios del Territorio Nacional. México _925677 |
|
| 245 | 1 | 3 |
_aLa Gloria, Jalisco (Carta uso del suelo) _c/por Comisión de Estudios del Territorio Nacional |
| 255 |
_aEscala 1:50,000 _bProy. Universal transversa de Mercator _c(O 105<U+00BA> 40' - E 105<U+00BA> 20' / N 20<U+00BA> 00' - S 19<U+00BA> 45') |
||
| 260 |
_aMéxico, D.F.: _bComisión de Estudios del Territorio Nacional, _c1974. |
||
| 300 |
_a1 mapa _c88 x 63 cm. |
||
| 500 | _aContiene claves y signos convencionales | ||
| 590 |
_aBATCH-UPD _b10 _c20130110 |
||
| 590 |
_aBATCH-UPD _b10 _c20130110 |
||
| 590 |
_aBATCH-UPD _b10 _c20130410 |
||
| 590 |
_aBATCH-UPD _b10 _c20130914 |
||
| 590 |
_aCONVERSION _b10 _c20130109 |
||
| 650 | 1 | 4 |
_aGeografía económica _zJalisco. _947587 |
| 650 | 1 | 4 |
_aJalisco _xMapas. _960970 |
| 650 | 1 | 4 |
_aSuelos agrícolas. _9110531 |
| 650 | 1 | 4 |
_aSuelos forestales. _9110548 |
| 650 | 1 | 4 |
_aSuelos y cultivos. _9110571 |
| 650 | 1 | 4 |
_aSuelos _xJalisco. _9110413 |
| 901 | _aMP | ||
| 905 | _ajosé | ||
| 942 |
_cMAP _2ddc |
||
| 949 |
_aE13A18 _bBC _cMAP _d33724002038446 _eMAP _fc.1 _h003 _i105461 _sb |
||
| 999 |
_c93890 _d93890 |
||